00703nam a2200157 a 450000100100000000500170001000800410002704000250006808200170009311101840011024500360029426000840033030000350041450000430044971000530049200002328420200930022119.0101201s1994 ec ad r 000 0 spa d aDO-SdBNPbspacBNPHU axxxxxbS471p1 aSeminario internacional organizado por la Corporación de Estudios para el Desarrollo (CORDES) y el Fondo de inversión Social de Emergencia FISE,cQuito,d10-12 de octubre 199410aPolíticas sociales y pobreza. aQuito, Ecuador :bCorporación de Estudios para el Desarrollo (CORDES),c1994. a226 p. :bil., diag. ;c21 cm. aIncluye notas al pie de las páginas.1 aFondo de inversión Social de Emergencia (FISE)